[Event "HUN-ch U16"]
[Site "Paks"]
[Date "1998.??.??"]
[Round "6"]
[White "Dobcsanyi, David"]
[Black "Bokros, Albert"]
[Result "0-1"]
[WhiteElo "2155"]
[BlackElo "2365"]

1.c4 b6 2.Nf3 Bb7 3.g3 c5 4.Bg2 Nf6 5.O-O e6 6.b3 Be7 7.Bb2 O-O 8.e3 d6 9.d4 cxd4
10.Nxd4 Bxg2 11.Kxg2 a6 12.Qf3 Ra7 13.Nc3 Qc8 14.Rfd1 Rc7 15.e4 Nbd7 16.Qe3 Qb7
17.Kg1 Rfc8 18.h3 Bf8 19.Rd2 Nc5 20.Re2 Rb8 21.Rd1 Qc8 22.e5 dxe5 23.Qxe5 Ncd7
24.Qe3 Bc5 25.Qd3 Qb7 26.Ree1 Rd8 27.Qe2 Bb4 28.Nc2 Be7 29.Ne3 Rdc8 30.Nf5 Bf8
31.Nd6 Bxd6 32.Rxd6 b5 33.Ne4 Ne8 34.cxb5 axb5 35.Rd2 b4 36.Red1 Nb6 37.Ng5 h6
38.Ne4 Nd5 39.Be5 Rc6 40.Bb2 f5 41.Nc5 Qf7 42.Nd3 Qe7 43.Ne5 Rb6 44.Nc4 Rb7
45.Qe5 Rd7 46.Ne3 Nef6 47.Nxd5 Nxd5 48.Re1 Re8 49.Rde2 Qg5 50.Qd4 Qg6 51.Bc1 Kh7
52.Bd2 h5 53.Qh4 Nf6 54.f3 Nd5 55.Kf2 Kg8 56.Qc4 Rc7 57.Qd4 Rb7 58.Qc4 Qf6
59.Re5 Rc7 60.Qb5 Ree7  0-1

[Event "Atom Cup IM 3rd"]
[Site "Paks"]
[Date "1998.??.??"]
[Round "6"]
[White "Meszaros, Gyula"]
[Black "Berkes, Ferenc"]
[Result "1/2-1/2"]
[WhiteElo "2305"]
[BlackElo "2290"]

1.c4 c5 2.Nf3 Nf6 3.g3 b6 4.Bg2 Bb7 5.O-O e6 6.Nc3 Be7 7.b3 O-O 8.Bb2 d6
9.d4 cxd4 10.Qxd4 Nbd7 11.Rfd1 a6  1/2-1/2

[Event "Atom Cup IM 3rd"]
[Site "Paks"]
[Date "1998.??.??"]
[Round "9"]
[White "Berkes, Ferenc"]
[Black "Krutti, Valer"]
[Result "1/2-1/2"]
[WhiteElo "2290"]
[BlackElo "2360"]

1.Nf3 Nf6 2.c4 e6 3.g3 b6 4.Bg2 Bb7 5.O-O c5 6.Nc3 d6 7.d4 cxd4 8.Qxd4 a6
9.b3 Be7 10.Bb2 O-O 11.Rad1 Nbd7  1/2-1/2

[Event "Atom Cup IM 3rd"]
[Site "Paks"]
[Date "1998.??.??"]
[Round "10"]
[White "Krutti, Valer"]
[Black "Jagodzinski, Andreas"]
[Result "1-0"]
[WhiteElo "2360"]
[BlackElo "2215"]

1.Nf3 c5 2.c4 b6 3.g3 Bb7 4.Bg2 Nf6 5.O-O e6 6.Nc3 a6 7.Re1 Qc7 8.b3 d6 9.Bb2 Nbd7
10.Rc1 Be7 11.e4 O-O 12.d4 cxd4 13.Qxd4 Rfe8 14.h3 Bf8 15.g4 h6 16.b4 Rad8
17.Nd2 Qb8 18.Nb3 Qa8 19.a4 Ne5 20.Na2 Ng6 21.Qe3 e5 22.Nc3 Nf4 23.Nd5 N6xd5
24.cxd5 Be7 25.Bf1 Bg5 26.Qxb6 h5 27.Na5 Bxd5 28.exd5 Qxd5 29.Qc6 Qe6 30.Qf3 e4
31.Qg3 hxg4 32.hxg4 d5 33.Nc6 Rc8 34.Nd4 Qb6 35.Rxc8 Rxc8 36.b5 axb5 37.axb5 Ng6
38.Nf5 Qa5 39.Ra1 Qd2 40.Bd4  1-0

[Event "Pula op"]
[Site "Pula"]
[Date "1998.??.??"]
[Round "4"]
[White "Plachetka, Jan"]
[Black "Vadla, Zeljko"]
[Result "1-0"]
[WhiteElo "2425"]
[BlackElo "2225"]

1.Nf3 Nf6 2.c4 c5 3.g3 b6 4.Bg2 Bb7 5.O-O e6 6.Nc3 Be7 7.b3 O-O 8.Bb2 d6
9.d4 cxd4 10.Nxd4 Bxg2 11.Kxg2 a6 12.e3 Ra7 13.f4 d5 14.cxd5 Nxd5 15.Nxd5 Qxd5+
16.Qf3 Rd7 17.Qxd5 Rxd5 18.Rac1 Bc5 19.Kf3 Rfd8 20.Rc4 h5 21.b4 Be7 22.a3 Bf6
23.Rfc1 a5 24.bxa5 Rxa5 25.Rc8 Rd5 26.Rxd8+ Rxd8 27.a4 Na6 28.Rc6 Rb8 29.Ba3 Nc5
30.a5 Nd7 31.Bd6 Rb7 32.a6 Ra7 33.Rc8+ Kh7 34.Rc7  1-0

[Event "Roskilde op"]
[Site "Roskilde"]
[Date "1998.??.??"]
[Round "3"]
[White "Adamski, Jan"]
[Black "Carstensen, Jacob"]
[Result "1-0"]
[WhiteElo "2345"]
[BlackElo "2160"]

1.c4 Nf6 2.Nf3 e6 3.g3 b6 4.Bg2 Bb7 5.O-O c5 6.Nc3 Be7 7.d4 cxd4 8.Qxd4 Nc6
9.Qf4 O-O 10.Rd1 a6 11.e4 d6 12.b3 Qc7 13.Bb2 Rad8 14.Qe3 Ng4 15.Qe2 Nge5
16.Ne1 Bf6 17.Rac1 Ne7 18.Nc2 Nd7 19.Ne3 Nc5 20.Ng4 Bxc3 21.Bxc3 f5 22.exf5 Bxg2
23.Kxg2 exf5 24.Ne3 f4 25.Qg4 Ng6 26.Nd5 Qf7 27.gxf4 Ne4 28.Bd4 h5 29.Qxh5 Nxf4+
30.Nxf4 Qxf4 31.Be3 Qf5 32.Qxf5 Rxf5 33.Bxb6 Rdf8 34.Rc2 Rg5+ 35.Kf1 Rh5
36.Rd4 Rf4 37.Re2 Rhh4 38.b4 Rhg4 39.Rc2 Kf7 40.a4 Rh4 41.c5 dxc5 42.bxc5 Rxh2
43.c6 Ng3+ 44.Kg1 Rxd4 45.Bxd4 Rh4 46.fxg3 Rxd4 47.c7  1-0

[Event "Split"]
[Site "Split"]
[Date "1998.??.??"]
[Round "10"]
[White "Gyorkos, Lajos"]
[Black "Berebora, Ferenc"]
[Result "1/2-1/2"]
[WhiteElo "2435"]
[BlackElo "2415"]

1.c4 Nf6 2.Nf3 c5 3.g3 b6 4.Bg2 Bb7 5.O-O e6 6.Nc3 a6 7.d4 cxd4 8.Qxd4 d6
9.Rd1 Nbd7 10.b3 Be7 11.Bb2 O-O 12.Ng5  1/2-1/2

[Event "ROM-chT"]
[Site "Timisu de Sus"]
[Date "1998.??.??"]
[Round "3"]
[White "Istratescu, Andrei"]
[Black "Cosma, Ioan"]
[Result "1/2-1/2"]
[WhiteElo "2540"]
[BlackElo "2475"]

1.Nf3 Nf6 2.g3 b6 3.Bg2 Bb7 4.O-O e6 5.c4 c5 6.b3 d6 7.Bb2 Nbd7 8.Nc3 a6
9.e3 Be7 10.d4 cxd4 11.Nxd4 Bxg2 12.Kxg2 Rc8 13.f4 O-O 14.Qf3 Qc7 15.Rac1 Rfe8
16.g4 g6 17.g5 Nh5 18.Nde2 Bf8 19.Ng3 Nxg3 20.hxg3 Bg7 21.Ba1 b5 22.Ne4 Bxa1
23.Rxa1 bxc4 24.bxc4 d5 25.cxd5 exd5 26.Nf2 Qa5 27.Ng4 Rc2+ 28.Kh3 h5 29.Nh6+ Kg7
30.Rac1 Rec8 31.Rxc2 Rxc2 32.Rf2 Rxa2 33.f5 Rxf2 34.Qxf2 Qa1 35.Kh2 Nf6 36.Qf4 Qb2+
37.Kh3 Ng4 38.f6+ Kh7 39.Nxg4 hxg4+ 40.Kxg4  1/2-1/2

[Event "Vlissingen HZ op"]
[Site "Vlissingen"]
[Date "1998.??.??"]
[Round "3"]
[White "Bosboom, Manuel"]
[Black "Middelburg, Tom"]
[Result "1-0"]
[WhiteElo "2450"]
[BlackElo "2235"]

1.c4 c5 2.Nf3 Nf6 3.g3 b6 4.Bg2 Bb7 5.O-O e6 6.Nc3 Be7 7.Re1 d6 8.e4 Nbd7
9.d4 cxd4 10.Nxd4 Qc7 11.Be3 a6 12.Rc1 Rc8 13.f4 Qb8 14.Qe2 O-O 15.Bf2 Qa8
16.g4 g6 17.g5 Nh5 18.Qg4 Nc5 19.Re3 Ng7 20.f5 exf5 21.exf5 gxf5 22.Bxb7 fxg4
23.Bxa8 Bxg5 24.Bd5 Bxe3 25.Bxe3 Rfe8 26.Bh6 Nce6 27.Rd1 Kh8 28.Bxg7+ Nxg7
29.Ne4 Rxe4 30.Bxe4 Rxc4 31.Bd5 Rb4 32.b3  1-0

[Event "POL-chT2"]
[Site "Wisla"]
[Date "1998.??.??"]
[Round "?"]
[White "Zaskalski, Arkadiusz"]
[Black "Zeberski, Jakub"]
[Result "1/2-1/2"]
[WhiteElo "2210"]
[BlackElo "2165"]

1.c4 c5 2.Nf3 Nf6 3.g3 b6 4.Bg2 Bb7 5.O-O e6 6.Nc3 Be7 7.d4 cxd4 8.Qxd4 d6
9.Rd1 a6 10.e4 Nbd7 11.b3 O-O 12.Qe3 Qc7 13.Bb2 Rfe8 14.Rac1 Rac8 15.Nd4 Bf8
16.Qd2 Qb8 17.Nc2 Nc5 18.f3 Rcd8 19.Ne3 Ba8 20.b4 Ncd7 21.a3 Rc8 22.f4 Bc6
23.Qd3 b5 24.cxb5 axb5 25.Ne2 e5 26.Nc3 exf4 27.gxf4 Nb6 28.Ncd5 Bxd5 29.exd5 Nh5
30.Qd4 Na4 31.Ba1 Qb6 32.Rxc8 Rxc8 33.Bf1 Qxd4 34.Bxd4 Nc3 35.Rd3 Ne4 36.Ng2 Rc1
37.Be3 Ra1 38.Bd4 Rc1 39.Be3 Ra1 40.Bd4 Rc1  1/2-1/2

[Event "EST-chT"]
[Site "Tallinn"]
[Date "1999.02.27"]
[Round "2"]
[White "Seeman, Tarvo"]
[Black "Neff, Sergei"]
[Result "1/2-1/2"]
[WhiteElo "2440"]
[BlackElo "2230"]

1.Nf3 Nf6 2.g3 b6 3.Bg2 Bb7 4.O-O e6 5.c4 c5 6.Nc3 Be7 7.Re1 d6 8.d4 cxd4
9.Qxd4 Nbd7 10.b3 a6 11.Bb2 O-O 12.Rad1 Qc7 13.e4 Rfd8 14.Qe3 Bf8 15.Nd4 g6
16.h3 Rac8 17.Qc1 Qb8 18.Qa1 Ba8 19.Re2 h5 20.Qb1 h4 21.g4 e5 22.Nf3 Nc5
23.Nd5 Nh7 24.Nxh4 Ne6 25.Bc1 b5 26.Rb2 Nd4 27.Nf3 Bxd5 28.cxd5 Nxf3+ 29.Bxf3 Rc3
30.Kg2 Rdc8 31.Bd2 R3c5 32.Rc1 Rxc1 33.Bxc1 Qc7 34.Bd2 Be7 35.Bd1 Bg5 36.Rc2 Qd8
37.Rxc8 Qxc8 38.Bxg5 Nxg5 39.Qc2 Qxc2 40.Bxc2 Nh7 41.h4 Nf6 42.f3 Nd7 43.b4 Nb6
44.Kf2 f6 45.Ke2 g5 46.h5 Kg7 47.Kd3 Kh6 48.Kc3 Kg7 49.a4 Na8 50.Bd3 Nc7
51.Kb3 Kh6 52.axb5 axb5 53.Bxb5 Nxb5 54.Ka4 Nc3+ 55.Ka5 f5 56.b5 fxg4 57.b6 gxf3
58.b7 Kxh5 59.b8=Q f2 60.Qf8 Nxe4 61.Qf5 Kh6 62.Kb6 g4 63.Kc7 g3 64.Qxe4  1/2-1/2

[Event "AUT-chT2M 9899"]
[Site "Austria"]
[Date "1999.02.28"]
[Round "9"]
[White "Juergens, Klaus"]
[Black "Hellmayr, Alois"]
[Result "1-0"]
[WhiteElo "2235"]
[BlackElo "2240"]

1.Nf3 Nf6 2.c4 e6 3.g3 b6 4.Bg2 Bb7 5.O-O c5 6.b3 Be7 7.Bb2 O-O 8.e3 d6 9.Nc3 a6
10.Qe2 Nbd7 11.Rfd1 Rc8 12.d4 cxd4 13.Nxd4 Bxg2 14.Kxg2 Qc7 15.e4 Qb7 16.f3 Rfe8
17.Rac1 Rc7 18.Nc2 Rec8 19.Ne3 Bf8 20.Ba3 Ne8 21.Qd2 b5 22.cxb5 axb5 23.Bb4 Ne5
24.Ba5 Rd7 25.a4 bxa4 26.bxa4 Qa6 27.Nb5 Ra8 28.Bc3 Nc6 29.Ra1 d5 30.exd5 Bc5
31.Qc1 exd5 32.Nf5 Bf8 33.Qg5 Ne7 34.Re1 Qg6 35.Nxe7+ Bxe7 36.Qxg6 fxg6 37.Nd4 Nc7
38.Nc6 Bc5 39.Bd4 Bxd4 40.Nxd4 Ra6 41.a5 Kf7 42.Kf2 Re7 43.Rec1 Ne6 44.Rc6 Ra8
45.Nxe6 Rxe6 46.Rxe6 Kxe6 47.a6 g5 48.a7 Kd6 49.Ke3 Kc5 50.Kd3 Kb6 51.Kd4 Kb7
52.Kxd5 Rd8+ 53.Ke6 Ka8 54.Ra5 h6 55.Kf7 Rd2 56.Kxg7 Rxh2 57.g4 Rh3 58.Ra3 Rh1
59.Ra6 Rh3 60.Rxh6 Rxf3 61.Kg6 Kxa7 62.Kxg5 Kb7 63.Rd6 Kc7 64.Rd4 Rf8 65.Kg6 Kc6
66.Kg7 Ra8 67.g5  1-0

[Event "Alushta"]
[Site "Alushta"]
[Date "1999.03.06"]
[Round "4"]
[White "Malakhatko, Vadim"]
[Black "Rogovski, Vladimir"]
[Result "0-1"]
[WhiteElo "2496"]
[BlackElo "2455"]

1.Nf3 c5 2.c4 b6 3.g3 Bb7 4.Bg2 Nf6 5.O-O e6 6.Nc3 Be7 7.Re1 d5 8.cxd5 Nxd5
9.e4 Nxc3 10.bxc3 Nc6 11.d4 cxd4 12.cxd4 O-O 13.Bf4 Bf6 14.Rc1 Nxd4 15.Rc7 Ba6
16.Nxd4 Bxd4 17.Qa4 e5 18.Rec1 Rc8 19.Rxc8 Bxc8 20.Be3 Bxe3 21.fxe3 Qd2 22.Rf1 Qxe3+
23.Kh1 Bb7 24.Qc4 b5 25.Qxb5 Bxe4 26.Bxe4 Qxe4+ 27.Kg1 Qd4+ 28.Kg2 Rd8 29.Rb1 Qd2+  0-1

[Event "MI Festival"]
[Site "Bucharest"]
[Date "1999.03.21"]
[Round "2"]
[White "Istrate, Bogdan"]
[Black "Breahna, Radu"]
[Result "1/2-1/2"]
[WhiteElo "2333"]
[BlackElo "2281"]

1.Nf3 c5 2.c4 Nf6 3.g3 b6 4.Bg2 Bb7 5.O-O e6 6.Nc3 Be7 7.Re1 a6 8.e4 d6 9.d4 cxd4
10.Nxd4 Qc7 11.Be3 O-O 12.Rc1 Re8 13.f4 Nbd7 14.g4 Nc5 15.Bf2 e5 16.Nf5 Qd8
17.g5 Nfd7 18.Nxe7+ Qxe7 19.f5 a5 20.Bh4 f6 21.gxf6 Nxf6 22.Bf3 Bc6 23.Rc2 Kh8
24.b3 Rg8 25.Rg2 g6 26.fxg6 Rxg6 27.Rxg6 hxg6 28.Qd2 Kg7 29.Nd5 Bxd5 30.cxd5 Nfxe4
31.Bxe7 Nxd2 32.Bg2 e4 33.Bxd6 Rd8 34.Bxc5 bxc5 35.Kf2 Rxd5 36.Bxe4 Nxe4+
37.Rxe4 Rd2+ 38.Re2 Rd3 39.Rc2 a4 40.bxa4 Ra3  1/2-1/2

[Event "Novgorod op"]
[Site "Novgorod"]
[Date "1999.03.24"]
[Round "6"]
[White "Akopian, Vladimir"]
[Black "Prokopchuk, Evgeny"]
[Result "1-0"]
[WhiteElo "2640"]
[BlackElo "2489"]

1.Nf3 c5 2.c4 Nf6 3.g3 b6 4.Bg2 Bb7 5.O-O e6 6.Nc3 Be7 7.Re1 d6 8.e4 a6 9.d4 cxd4
10.Nxd4 Qc7 11.Be3 O-O 12.Rc1 Nbd7 13.f4 Nc5 14.Bf2 Rac8 15.b4 Ncd7 16.e5 Ne8
17.exd6 Nxd6 18.Nd5 exd5 19.Rxe7 Qd8 20.Qe1 Ba8 21.Bh3 Nf6 22.Bxc8 Nxc8 23.Re5 dxc4
24.Rxc4 Nd6 25.Rc1 Nde4 26.h3 Qd7 27.Kh2 h6 28.Rc2 Qb7 29.Nc6 Nxf2 30.Qxf2 Qd7
31.Qxb6 Qd3 32.Ree2 Kh7 33.Qe3 Qd1 34.Qd2 Qf1 35.a4 h5 36.Rf2 Qa1 37.Ra2  1-0

[Event "Hessen-ch op"]
[Site "Baunatal"]
[Date "1999.03.27"]
[Round "4"]
[White "Raab, Peter"]
[Black "Schuchardt, Guenter"]
[Result "1/2-1/2"]
[WhiteElo "2188"]
[BlackElo "2120"]

1.Nf3 c5 2.c4 b6 3.g3 Bb7 4.Bg2 e6 5.O-O Nf6 6.b3 Be7 7.Bb2 Qc7 8.Nc3 a6
9.Re1 O-O 10.e4 d6 11.d4 cxd4 12.Qxd4 Nbd7 13.Rad1 Rac8 14.h3 Rfe8 15.Qe3 Bf8
16.Qd2 Red8 17.Qe3 Nc5 18.e5 dxe5 19.Nxe5 Bxg2 20.Kxg2 Rxd1 21.Rxd1 Rd8 22.Rxd8 Qxd8
23.b4 Ncd7 24.Nxd7 Nxd7 25.a3 Qa8+ 26.Qe4 Qxe4+ 27.Nxe4 Be7 28.f4 h5 29.Kf3 g6
30.g4 hxg4+ 31.hxg4 Kf8 32.Nf2 Ke8 33.Nd3 Kd8 34.g5 Kc7 35.Ke4 Kc6 36.Bc3 Bf8
37.Nf2 Kc7 38.Ng4 Kd8 39.Bd4 Bd6 40.Ne5 Bxe5 41.Bxe5 Kc8 42.Bd4 Kc7 43.Be5+ Kb7
44.Kd4 Kc6 45.a4 Kb7 46.Bd6 Kc6 47.Be7 Kb7 48.b5 axb5 49.axb5  1/2-1/2

[Event "Mar del Plata op 30th"]
[Site "Mar del Plata"]
[Date "1999.03.31"]
[Round "5"]
[White "Szmetan, Jorge"]
[Black "Loiterstein, Mariano"]
[Result "1-0"]
[WhiteElo "2403"]
[BlackElo "2280"]

1.Nf3 c5 2.c4 Nf6 3.g3 b6 4.Bg2 Bb7 5.O-O e6 6.Nc3 d6 7.e3 Be7 8.d4 O-O 9.d5 e5
10.Nh4 g6 11.f4 Ne8 12.Nf3 exf4 13.gxf4 f5 14.e4 fxe4 15.Nxe4 Ng7 16.b3 Bc8
17.Qd2 Bf5 18.Nfg5 Nd7 19.Bb2 Bxe4 20.Nxe4 Nf5 21.Bh3 h6 22.Kh1 Kh7 23.Rg1 Qe8
24.Rae1 Qf7 25.Bxf5 Qxf5 26.Ng3 Qf7 27.Re6 Nf6 28.Qd3 Rg8 29.f5 g5 30.Ne4  1-0

[Event "Dreifluesse op 7th"]
[Site "Passau"]
[Date "1999.04.03"]
[Round "3"]
[White "Schmidt, Peter"]
[Black "Peschel, Andreas"]
[Result "1/2-1/2"]
[WhiteElo "2412"]
[BlackElo "2191"]

1.Nf3 b6 2.g3 Bb7 3.Bg2 e6 4.O-O Nf6 5.c4 c5 6.Nc3 Be7 7.d4 cxd4 8.Qxd4 d6
9.Bg5 a6 10.Bxf6 Bxf6 11.Qd3 Be7 12.Rad1 Qc7 13.Ne4 O-O 14.Nfg5 g6 15.h4 Nd7
16.Qe3 d5 17.cxd5 Bxd5 18.Nc3 Bxg2 19.Kxg2 Nf6 20.Rd3 Ng4 21.Qf4 Qxf4 22.gxf4 Rfd8
23.Rfd1 Rxd3 24.Rxd3 Rd8  1/2-1/2

[Event "BL2-N9899"]
[Site "Germany"]
[Date "1999.04.18"]
[Round "9.1"]
[White "Stern, Rene"]
[Black "Thinius, Marco"]
[Result "1/2-1/2"]
[WhiteElo "2465"]
[BlackElo "2335"]

1.Nf3 Nf6 2.c4 e6 3.g3 b6 4.Bg2 Bb7 5.O-O c5 6.Nc3 Nc6 7.Re1 d5 8.cxd5 Nxd5
9.Nxd5 exd5 10.d4 Be7 11.dxc5 bxc5 12.Nh4 Bxh4 13.gxh4 Nd4 14.Bg5 Qd7 15.b4 Ne6
16.bxc5 Nxc5 17.Qd4 Ne6 18.Qb4 f6 19.Bd2 Kf7 20.Rab1 Bc6 21.h5 Rac8 22.Rec1 Rhe8
23.Rb3 d4 24.Rxc6 Rxc6 25.Bxc6 Qxc6 26.Qb7+ Qxb7 27.Rxb7+ Re7 28.Rb2 f5 29.Rb5 Kf6
30.e3 Rc7 31.Rb2 Ke5 32.exd4+ Nxd4 33.Be3 Ne6 34.Re2 Kd5 35.f3 f4 36.Bf2 Ng5
37.Kg2 Rc3 38.Rd2+ Ke6 39.Bxa7 Nxf3 40.Re2+ Kf5 41.Bf2 Nh4+ 42.Kf1 Nf3 43.Bb6 Rc1+
44.Kg2 Ne1+ 45.Kf2 Nd3+ 46.Kg2 Ne5 47.Rf2 Rc4 48.h3 Rc3 49.a4 Nc4 50.a5 Nxb6
51.axb6 Rb3 52.Ra2 Rxb6 53.Ra5+ Kf6 54.Kf3 Rb4 55.h4 Rd4 56.Ra6+ Kf5 57.Ra5+ Kf6  1/2-1/2

[Event "BL2-W9899"]
[Site "Germany"]
[Date "1999.04.18"]
[Round "9.3"]
[White "Kengis, Edvins"]
[Black "Kotter, Ralf"]
[Result "1-0"]
[WhiteElo "2571"]
[BlackElo "2315"]

1.Nf3 b6 2.g3 Bb7 3.Bg2 e6 4.O-O Nf6 5.c4 c5 6.Nc3 Be7 7.Re1 O-O 8.e4 d6
9.d4 cxd4 10.Nxd4 Qc8 11.b3 a6 12.Bb2 Nbd7 13.Rc1 Rd8 14.Rc2 Qc7 15.f4 Rac8
16.f5 e5 17.Nd5 Nxd5 18.cxd5 Qb8 19.Nc6 Bxc6 20.dxc6 Nf6 21.Bc1 Qa8 22.g4 h6
23.h4 Rxc6 24.Rxc6 Qxc6 25.g5 hxg5 26.hxg5 Nh7 27.Qg4 Qc3 28.Rf1 Qd4+ 29.Kh2 d5
30.f6 Bf8 31.fxg7 Bxg7 32.g6 Nf6 33.Qh4 Rd6 34.Bg5 Ng4+ 35.Qxg4 Rxg6 36.Qf5 dxe4
37.Qxf7+ Kh7 38.Qf5  1-0

[Event "Guillermo Garcia mem-B"]
[Site "Santa Clara"]
[Date "1999.05.30"]
[Round "6"]
[White "Vilela, Jose Luis"]
[Black "Perdomo, Carlos Andres"]
[Result "1-0"]
[WhiteElo "2396"]
[BlackElo "2410"]

1.Nf3 c5 2.c4 b6 3.g3 Bb7 4.Bg2 Nf6 5.O-O e6 6.Nc3 Be7 7.d4 cxd4 8.Qxd4 d6
9.Bg5 a6 10.Bxf6 Bxf6 11.Qf4 Qc7 12.Rfd1 Be7 13.Ng5 O-O 14.Bxb7 Qxb7 15.Nge4 Qc6
16.Nxd6 f5 17.Rd2 Nd7 18.Rad1 Rad8 19.Qe3 Nc5 20.Nxf5 exf5 21.Qxe7 Rxd2 22.Rxd2 f4
23.Rd8  1-0

[Event "CZE-ch"]
[Site "Lazne Bohdanec"]
[Date "1999.06.03"]
[Round "1"]
[White "Freisler, Pavel"]
[Black "Jurek, Josef"]
[Result "1-0"]
[WhiteElo "2328"]
[BlackElo "2362"]

1.Nf3 Nf6 2.c4 b6 3.g3 c5 4.Bg2 Bb7 5.O-O e6 6.Nc3 Be7 7.d4 cxd4 8.Qxd4 d6
9.Bg5 a6 10.Bxf6 Bxf6 11.Qd3 Ra7 12.Rad1 Bxf3 13.exf3 Rd7 14.f4 g6 15.Rfe1 O-O
16.h4 Qc7 17.h5 Nc6 18.b3 Bg7 19.Ne4 Nd4 20.Ng5 b5 21.Re4 bxc4 22.bxc4 e5
23.hxg6 hxg6 24.Rxd4 exd4 25.Bd5 Rb8 26.Qxg6 Rb2 27.Re1 Rb8 28.Bxf7+ Rxf7
29.Qh7+  1-0

[Event "EUCup99 (Women)"]
[Site "Nova Gorica"]
[Date "1999.06.28"]
[Round "1"]
[White "Prudnikova, Svetlana"]
[Black "Elschner, Annegret"]
[Result "1-0"]
[WhiteElo "2415"]
[BlackElo "2138"]

1.Nf3 e6 2.c4 Nf6 3.g3 b6 4.Bg2 Bb7 5.O-O c5 6.Nc3 Be7 7.Re1 d6 8.e4 Nbd7
9.d4 cxd4 10.Nxd4 Qb8 11.f4 O-O 12.f5 e5 13.Nc2 Qc7 14.b3 a6 15.a4 Nc5 16.Rb1 Bc6
17.Nb4 Rfc8 18.Nxc6 Qxc6 19.g4 Qb7 20.g5 Ne8 21.Kh1 f6 22.h4 Rd8 23.Be3 Nc7
24.Qe2 Rab8 25.Rg1 b5 26.axb5 axb5 27.b4 Nd7 28.cxb5 Nxb5 29.Nd5 Bf8 30.Bf1 Nc7
31.Nxc7 Qxe4+ 32.Qg2 Qxe3 33.Ne6 Re8 34.Nxf8 Nxf8 35.gxf6 g6 36.Qd5+ Kh8
37.Qf7 Qh6 38.Bc4 Qxh4+ 39.Kg2 Qe4+ 40.Kh2 Qh4+ 41.Kg2 Qe4+ 42.Kh3 Qxf5+
43.Rg4 Qf3+ 44.Rg3 Qf5+ 45.Kh2 Qf2+ 46.Kh1  1-0

[Event "SVK-ch"]
[Site "Nove Zamky"]
[Date "1999.07.11"]
[Round "9"]
[White "Gross, Stefan"]
[Black "Plachetka, Jan"]
[Result "1-0"]
[WhiteElo "2371"]
[BlackElo "2408"]

1.Nf3 Nf6 2.c4 e6 3.g3 b6 4.Bg2 Bb7 5.O-O c5 6.Nc3 Be7 7.b3 O-O 8.Bb2 d6
9.d4 cxd4 10.Nxd4 Qc8 11.e3 Bxg2 12.Kxg2 Qb7+ 13.Qf3 Qxf3+ 14.Kxf3 Rc8 15.Rfd1 a6
16.g4 Nbd7 17.g5 Ne8 18.h4 g6 19.Ke2 Ng7 20.f4 Nc5 21.Kf3 f5 22.Nde2 Nh5
23.Ba3 Kf7 24.Rd2 Rab8 25.Nd4 Ne4 26.Nxe4 fxe4+ 27.Kf2 Ng7 28.Ne2 Nf5 29.Ng3 d5
30.Nxf5 Bxa3 31.Nh6+ Ke7 32.cxd5 Bb4 33.d6+ Kd7 34.Re2 Kxd6 35.Rd1+ Ke7 36.Rd4 Bc5
37.Rxe4 b5 38.Ng4 Bb6 39.Ne5 Rc3 40.Nf3 Rd8 41.h5 gxh5 42.f5 Rd6 43.Nd4 Bxd4
44.exd4 Kd7 45.Rxe6 Rxd4 46.Re7+ Kd8 47.f6 Rf4+ 48.Ke1 Rc1+ 49.Kd2 Rc5 50.R7e5 Rxe5
51.Rxe5 h4 52.Re7 Rf5 53.Rxh7 Ke8 54.g6  1-0

[Event "CRA-ch"]
[Site "Antiguo"]
[Date "1999.07.31"]
[Round "1"]
[White "Minero, Carlos"]
[Black "Leandro, J."]
[Result "1/2-1/2"]
[WhiteElo "2182"]
[BlackElo "2105"]

1.Nf3 c5 2.c4 Nf6 3.g3 b6 4.Bg2 Bb7 5.O-O e6 6.Nc3 a6 7.a3 Be7 8.Rb1 Qc7
9.d3 O-O 10.b4 cxb4 11.axb4 d6 12.Qb3 Nbd7 13.Bf4 h6 14.Rfc1 Rfc8 15.Na4 Qd8
16.Nc3 d5 17.Qa2 a5 18.bxa5 Rxa5 19.Qb3 dxc4 20.dxc4 Ra3 21.Qb2 Rxc4 22.Nd1 Rca4
23.Rc7 Ra2 24.Qc1 Ba3 25.Qe3 Bc5 26.Qc1 Bxf3 27.Bxf3 e5 28.Rxc5 bxc5 29.Be3 e4
30.Bg2 Rb4 31.Nc3 Ra6 32.Nxe4 Rxe4 33.Bxe4 Nxe4 34.Qc4 Qa8 35.Rd1 Nef6 36.f3 Ra1
37.Rxa1 Qxa1+ 38.Kf2 Qe5 39.Qb5 Qd6 40.Qc4 Ne5 41.Qxc5 Qxc5 42.Bxc5 Ned7
43.Bd4 Kf8 44.e4 g5 45.Be3 Kg7 46.h3 Kg6 47.Bd4 h5 48.Ke3 h4 49.gxh4 gxh4
50.f4 Nh5 51.Kf3 Ng3 52.Bf2 Nf6 53.f5+ Kg5 54.Be3+ Kh5 55.e5 Nxf5 56.exf6 Nxe3
57.Kxe3 Kg6 58.Kf4 Kxf6 59.Kg4 Ke5 60.Kxh4 Kf4 61.Kh5 f5 62.h4 Kg3 63.Kg5 f4
64.h5 f3 65.h6 f2 66.h7 f1=Q 67.h8=Q  1/2-1/2

[Event "CRA-ch"]
[Site "Antiguo"]
[Date "1999.08.08"]
[Round "7"]
[White "Minero Pineda, Sergio"]
[Black "Leandro, J."]
[Result "1-0"]
[WhiteElo "2382"]
[BlackElo "2105"]

1.Nf3 Nf6 2.c4 c5 3.g3 b6 4.Bg2 Bb7 5.O-O e6 6.Nc3 d6 7.Re1 Nbd7 8.e4 Qc7
9.d4 cxd4 10.Nxd4 Qxc4 11.Be3 Qb4 12.Ndb5 Rc8 13.a3 Qxb2 14.Rb1 Qxc3 15.Nxc3 Rxc3
16.Qa4 Bc6 17.Qxa7 d5 18.exd5 Nxd5 19.Bxd5 Bxd5 20.Rec1 Rxc1+ 21.Rxc1 Be7
22.Rc7  1-0

[Event "Polanica Zdroj op"]
[Site "Polanica Zdroj"]
[Date "1999.08.17"]
[Round "1"]
[White "Grechanovskaya, Elena"]
[Black "Grabarczyk, Miroslaw"]
[Result "0-1"]
[WhiteElo "2229"]
[BlackElo "2484"]

1.Nf3 Nf6 2.c4 b6 3.g3 Bb7 4.Bg2 e6 5.O-O c5 6.Nc3 d6 7.Re1 Nbd7 8.e4 a6
9.d4 cxd4 10.Nxd4 Rc8 11.e5 Bxg2 12.exf6 Ba8 13.fxg7 Bxg7 14.Nxe6 fxe6 15.Rxe6+ Kf8
16.Rxd6 Bc6 17.Nd5 Qe8 18.Nb4 Ne5 19.Nxc6 Nxc6 20.Be3 h5 21.Qd5 Ne7 22.Qe4 Qf7
23.Rad1 Qf5 24.Qb7 Rxc4 25.Rd7 Re4 26.Qxb6 h4  0-1

[Event "BIH-chT"]
[Site "Bihac"]
[Date "1999.08.29"]
[Round "9"]
[White "Cvitan, Ognjen"]
[Black "Bistric, Faruk"]
[Result "1/2-1/2"]
[WhiteElo "2511"]
[BlackElo "2466"]

1.Nf3 c5 2.c4 Nf6 3.g3 b6 4.Bg2 Bb7 5.O-O e6 6.Nc3 Be7 7.Re1 Ne4 8.Nxe4 Bxe4
9.d3 Bb7 10.a3 O-O 11.Rb1 Nc6 12.Bd2 d5 13.b4 cxb4 14.cxd5 Qxd5 15.axb4 Nd4
16.b5 Bf6 17.Qa4 Rfc8 18.Nh4 Qd7 19.Bxb7 Qxb7 20.e3 Nf3+ 21.Nxf3 Qxf3  1/2-1/2

[Event "CRO-chT"]
[Site "Pula"]
[Date "1999.09.09"]
[Round "1"]
[White "Njirjak, Josip"]
[Black "Brulic, Denis"]
[Result "1-0"]
[WhiteElo "2312"]
[BlackElo "2121"]

1.Nf3 Nf6 2.g3 b6 3.Bg2 Bb7 4.c4 e6 5.O-O c5 6.Nc3 Be7 7.d4 cxd4 8.Qxd4 Nc6
9.Qf4 d6 10.b3 a6 11.Rd1 Qc7 12.Bb2 O-O 13.Rac1 Na7 14.g4 Rad8 15.g5 Ne8
16.Qe3 Qc5 17.Nd5 exd5 18.Qxe7 Qc7 19.Qe3 Rd7 20.cxd5 Qd8 21.Rc4 Nc8 22.Nd4 b5
23.Nc6 Bxc6 24.Rxc6 a5 25.h4 Ne7 26.Rc2 Ng6 27.Qg3 f5 28.Rdc1 Nc7 29.Bd4 Na6
30.a3 Ne7 31.Qd3 Ng6 32.Qg3 Nb8 33.h5 Ne7 34.Qe3 Qe8 35.Qe6+ Qf7 36.Rc7 Rfd8
37.Bf3 Kf8 38.Ba7 Qxe6 39.dxe6 Rxc7 40.Rxc7 Na6 41.Rb7 b4 42.axb4 axb4 43.Bd4 Re8
44.h6 g6 45.Bg7+ Kg8 46.Bf6 Kf8 47.Bc6  1-0

[Event "CRO-chT"]
[Site "Pula"]
[Date "1999.09.11"]
[Round "3"]
[White "Kurajica, Bojan"]
[Black "Kutuzovic, Branko"]
[Result "1/2-1/2"]
[WhiteElo "2541"]
[BlackElo "2480"]

1.Nf3 c5 2.c4 Nf6 3.g3 b6 4.Bg2 Bb7 5.O-O e6 6.Nc3 Be7 7.Re1 Ne4 8.Qc2 Nxc3
9.dxc3 d6 10.Rd1 Qc7 11.Bf4 Nc6 12.Rd2 h6 13.Rad1 Rd8 14.g4 O-O 15.Bg3 a6
16.h4 Ne5 17.Nxe5 dxe5 18.Rxd8 Rxd8 19.Rxd8+ Bxd8 20.Qd3 Bxg2 21.Kxg2 Qc6+
22.f3 Bc7 23.b3 Bd6 24.Qe3 Qc7 25.h5 f6 26.Qe4 a5 27.Bf2 Qd7 28.a3 Kf8 29.b4 axb4
30.cxb4 Qa4 31.Qb7 cxb4 32.axb4 Qxb4 33.Qxb6 Qxb6 34.Bxb6 Ke7 35.c5 Bb8 36.e4 Kd7
37.Kf2 Kc6 38.Ke3 Bd6 39.cxd6 Kxb6 40.Kd3 Kc6 41.Kc4 Kxd6  1/2-1/2

[Event "Budapest FS09 IM-B"]
[Site "Budapest"]
[Date "1999.09.14"]
[Round "11"]
[White "Grimm, Sascha"]
[Black "De Sousa, Jose"]
[Result "1-0"]
[WhiteElo "2337"]
[BlackElo "2253"]

1.Nf3 Nf6 2.c4 c5 3.g3 b6 4.Bg2 Bb7 5.O-O e6 6.b3 Be7 7.Bb2 O-O 8.e3 d5 9.Nc3 dxc4
10.bxc4 Nc6 11.Qe2 Qc7 12.Rfd1 Rac8 13.d3 Rfd8 14.Ne1 a6 15.f4 Ne8 16.f5 Nd6
17.fxe6 fxe6 18.Bh3 Nf5 19.Nd5 Qd6 20.Nxb6 Rb8 21.Nd5 Nxg3 22.Nxe7+ Nxe7
23.hxg3 Qxg3+ 24.Bg2 Bxg2 25.Nxg2 Nf5 26.Bc3 Nh4 27.Qf2 Nf3+ 28.Kf1 Nh2+
29.Ke1 Qg4 30.Nf4 Nf3+ 31.Kf1 e5 32.Qg2 Qxg2+ 33.Nxg2  1-0

[Event "Popel mem 2nd"]
[Site "Lvov"]
[Date "1999.09.22"]
[Round "1"]
[White "Zheliandinov, Viktor"]
[Black "Polajzer, Danilo"]
[Result "1/2-1/2"]
[WhiteElo "2411"]
[BlackElo "2399"]

1.Nf3 Nf6 2.c4 c5 3.g3 b6 4.Bg2 Bb7 5.O-O e6 6.Nc3 a6 7.Re1 d6 8.e4 Be7 9.d4 cxd4
10.Nxd4 Qc7 11.Be3 O-O 12.Rc1 Nbd7 13.f4 Rfd8 14.Nd5 exd5 15.cxd5 Nc5 16.b4 Bf8
17.Nf5 Qd7 18.bxc5 bxc5 19.Bh3 Kh8 20.Bd2 Re8 21.Qc2 Qd8 22.Bg2 Bc8 23.h3 Bxf5
24.exf5 Qd7 25.g4 Rxe1+ 26.Rxe1 Re8  1/2-1/2

[Event "Wch U20"]
[Site "Yerevan"]
[Date "1999.09.24"]
[Round "7"]
[White "Kasimdzhanov, Rustam"]
[Black "Bunzmann, Dimitrij"]
[Result "1-0"]
[WhiteElo "2603"]
[BlackElo "2596"]

1.Nf3 e6 2.c4 b6 3.g3 Bb7 4.Bg2 c5 5.O-O Nf6 6.Nc3 a6 7.b3 Be7 8.Bb2 O-O
9.d4 cxd4 10.Qxd4 d6 11.e4 Nbd7 12.Qe3 Qc7 13.Nd4 Rfe8 14.Rfe1 Bf8 15.h3 Rac8
16.Re2 Qb8 17.Rae1 g6 18.Qd2 Bg7 19.Kh2 Nc5 20.Rd1 Qa8 21.Qe1 Red8 22.Ba1 Qb8
23.Nc2 Bc6 24.Red2 Ne8 25.Qe3 Qa8 26.f4 Bb7 27.Nb4 Bh6 28.Nd3 Bg7 29.Nf2 Bc6
30.Ne2 Bxa1 31.Rxa1 d5 32.exd5 exd5 33.cxd5 Rxd5 34.Nd4 Bb7 35.Bxd5 Bxd5
36.b4 Ne4 37.Nxe4 Bxe4 38.Nb3 Ng7 39.Re1 Bd5 40.Qxb6 Nf5 41.Nc5 Bc4 42.Qb7  1-0